España sagrada. (Record no. 174539)
[ view plain ]
| 000 -LEADER | |
|---|---|
| campo de control de longitud fija | 01048nam a2200205 4500 |
| 001 - NÚMERO DE CONTROL | |
| campo de control | 174539 |
| 003 - IDENTIFICADOR DE NÚMERO DE CONTROL | |
| campo de control | ES-MaACL |
| 005 - FECHA Y HORA DE LA ÚLTIMA TRANSACCIÓN | |
| campo de control | 20250709063224.0 |
| 008 - DATOS DE LONGITUD FIJA--INFORMACIÓN GENERAL | |
| campo de control de longitud fija | 100505s1773 sp p |||| | spa d |
| 080 ## - NÚMERO DE LA CLASIFICACIÓN DECIMAL UNIVERSAL | |
| Número de la Clasificación Decimal Universal | 27(460.285)"00/07" |
| 100 1# - ENTRADA PRINCIPAL--NOMBRE DE PERSONA | |
| Nombre de persona | Flórez, Enrique, |
| Fechas asociadas al nombre | 1702-1773 |
| 9 (RLIN) | 142679 |
| 240 10 - TÍTULO UNIFORME | |
| Título uniforme | España sagrada |
| 245 10 - MENCIÓN DEL TÍTULO | |
| Título | España sagrada. |
| Número de parte o sección de la obra | Tomo VI, |
| Nombre de parte o sección de la obra | la Santa Iglesia de Toledo en quanto metropolitana |
| Resto del título | : theatro geographico-historico de la Iglesia de España : origen, divisiones, y limites de todas sus Provincias : antiguedad, traslaciones, y estado antiguo y presente de sus Sillas, en todos los Dominios de España, y Portugal : con varias dissertaciones criticas, para ilustrar la Historia Eclesiastica de España / |
| Mención de responsabilidad, etc. | su autor Henrique Florez. |
| 250 ## - MENCION DE EDICION | |
| Mención de edición | Segunda edición. |
| 260 ## - PUBLICACIÓN, DISTRIBUCIÓN, ETC. | |
| Lugar de publicación, distribución, etc. | Madrid : |
| Nombre del editor, distribuidor, etc. | en la oficina de Pedro Marin, |
| Fecha de publicación, distribución, etc. | 1773. |
| 300 ## - DESCRIPCIÓN FÍSICA | |
| Extensión | [34], 586 p. ; |
| Dimensiones | 20 cm. |
| 651 #4 - PUNTO DE ACCESO ADICIONAL DE MATERIA--NOMBRE GEOGRÁFICO | |
| Nombre geográfico | Toledo (Provincia)- |
| Subdivisión general | Historia eclesiástica. |
| 9 (RLIN) | 142698 |
| 852 4# - LOCALIZACIÓN | |
| Ubicación | ES-MaACL |
| Número de control de estantería | R-1617-69 |
| Encuadernación | C-16767-818 |
| Estatus retirado | Estado de pérdida | Estado de daño | No para préstamo | Colección | Biblioteca de origen | Biblioteca actual | Ubicación en estantería | Fecha de adquisición | Fuente de adquisición | Total de préstamos | Signatura topográfica completa | Código de barras | Visto por última vez | Precio de reemplazo | Tipo de ítem Koha |
|---|---|---|---|---|---|---|---|---|---|---|---|---|---|---|---|
| Libros del s. XVIII | Biblioteca del Ateneo de Madrid | Biblioteca del Ateneo de Madrid | Depósito | 05/05/2010 | R-1622 | 1183223 | 23/02/2023 | 23/02/2023 | Libro impreso antiguo |
